[Event "Chess House Summer Open "]
[Site "Aarhus"]
[Date "????.??.??"]
[Round "5"]
[White "Iversen, Flemming Pagh"]
[Black "Wegger, Alfred"]
[Result "1-0"]
[WhiteElo "1687"]
[BlackElo "1624"]
[PlyCount "41"]
[EventDate "2017.??.??"]
[EventType "swiss"]
[EventRounds "5"]
[EventCountry "DEN"]

1. Nf3 d5 2. g3 Nc6 3. Bg2 Nf6 4. O-O e5 5. d3 Bd6 6. c3 Bg4 7. Nfd2 Qd7 8. Re1
h5 9. b4 O-O-O 10. b5 Nb8 11. Qb3 h4 12. Ba3 hxg3 13. fxg3 Bh3 14. Bh1 Qf5 15.
e4 Qh5 16. exd5 Ng4 17. Bxd6 Bg2 18. Bxg2 Qxh2+ 19. Kf1 Ne3+ 20. Rxe3 Rxd6 21.
Ne4 1-0

[Event "Chess House Summer Open "]
[Site "Aarhus"]
[Date "????.??.??"]
[Round "5"]
[White "Jensen, Vagn"]
[Black "Hertz Raun, Jonas"]
[Result "1-0"]
[WhiteElo "2163"]
[BlackElo "1511"]
[PlyCount "45"]
[EventDate "2017.??.??"]
[EventType "swiss"]
[EventRounds "5"]
[EventCountry "DEN"]

1. e4 e6 2. d4 d5 3. Nd2 Nd7 4. e5 c5 5. c3 cxd4 6. cxd4 Bb4 7. Bd3 Ne7 8. Ngf3
Nb6 9. a3 Bxd2+ 10. Bxd2 Bd7 11. b3 a5 12. a4 O-O 13. Bxh7+ Kh8 14. Ng5 g6 15.
Qf3 Nf5 16. Bxg6 Kg7 17. Bxf5 Rh8 18. Qg3 Kf8 19. Nh7+ Rxh7 20. Bxh7 f6 21.
Qg8+ Ke7 22. Qg7+ Ke8 23. Bg6# 1-0

[Event "Chess House Summer Open "]
[Site "Aarhus"]
[Date "????.??.??"]
[Round "5"]
[White "Lysgaard Egeberg, Bjarne"]
[Black "Christensen, John Christopher "]
[Result "1/2-1/2"]
[WhiteElo "1754"]
[BlackElo "1602"]
[PlyCount "23"]
[EventDate "2017.??.??"]
[EventType "swiss"]
[EventRounds "5"]
[EventCountry "DEN"]

1. d4 d5 2. Nf3 Nf6 3. e3 c6 4. c3 Bf5 5. Be2 e6 6. Qb3 Qb6 7. Nbd2 Nbd7 8. O-O
Bd6 9. c4 Qc7 10. c5 Be7 11. Qc3 O-O 12. b4 1/2-1/2

[Event "Chess House Summer Open "]
[Site "Aarhus"]
[Date "????.??.??"]
[Round "5"]
[White "Pedersen, Peer Ole"]
[Black "Ehrenreich, Simon"]
[Result "1-0"]
[WhiteElo "2087"]
[BlackElo "1656"]
[PlyCount "95"]
[EventDate "2017.??.??"]
[EventType "swiss"]
[EventRounds "5"]
[EventCountry "DEN"]

1. c4 c6 2. d4 d5 3. Nc3 Nf6 4. cxd5 cxd5 5. Bf4 Nc6 6. e3 e6 7. Bd3 Bd6 8.
Bxd6 Qxd6 9. Nf3 O-O 10. O-O Rd8 11. Rc1 e5 12. Nb5 Qe7 13. dxe5 Nxe5 14. Rc7
Qe8 15. Rc3 Qe7 16. Nxe5 Qxe5 17. Nd4 Ng4 18. Nf3 Qd6 19. h3 Ne5 20. Nd4 Nxd3
21. Qxd3 Qf6 22. Rfc1 Qg5 23. Kh2 Qe5+ 24. Kg1 Qg5 25. Kh1 Qe5 26. Rc7 h6 27.
Qc2 a6 28. Qc5 Re8 29. Qc2 Qe4 30. Qxe4 dxe4 31. a4 f5 32. R1c5 g6 33. Rd5 b5
34. a5 Be6 35. Rd6 Bf7 36. Rdd7 Be6 37. Rg7+ Kf8 38. Rxg6 Bf7 39. Rf6 Re7 40.
Rcc6 Rea7 41. b4 Ke7 42. Nxf5+ Kd7 43. Rcd6+ Ke8 44. Rxh6 Kf8 45. Rh8+ Bg8 46.
g4 Kf7 47. g5 Rc7 48. Rf6+ 1-0

[Event "Chess House Summer Open "]
[Site "Aarhus"]
[Date "????.??.??"]
[Round "5"]
[White "Taylor, Graham Christopher"]
[Black "Svane, Henrik"]
[Result "1/2-1/2"]
[WhiteElo "1859"]
[BlackElo "2084"]
[PlyCount "20"]
[EventDate "2017.??.??"]
[EventType "swiss"]
[EventRounds "5"]
[EventCountry "DEN"]

1. c4 e6 2. d4 d5 3. Nc3 c5 4. cxd5 exd5 5. Nf3 Nc6 6. g3 Nf6 7. Bg2 Be7 8. O-O
O-O 9. Bg5 c4 10. Ne5 Be6 1/2-1/2